000 00621nam a22001817a 4500
003 UA-OsUOA
001 6908
007 ta
008 20040601b un ||||| |||| 00| 0 ukr d
100 _aКорнякова Н.
942 _cSA
040 _aUA-OsUOA
_cUA-OsUOA
_dUA-OsUOA
245 _aПоняття відходів за законодавством України та Європейського Союзу : порівняльно-правовий аналіз
300 _aС.149-153
955 _a0
773 0 _w0
_tПраво України
_dКиїв
_d2004
_gN5
650 7 _aЕкологічне право
_2UDC
999 _c293069
_d293069